[Event "Berlin Eckbauer op 15th"]
[Site "Berlin"]
[Date "2012.11.05"]
[Round "4.2"]
[White "Biebelmann, Gerd"]
[Black "Kohler, Thomas"]
[Result "1/2-1/2"]
[WhiteElo "1950"]
[BlackElo "2266"]
[PlyCount "53"]
[EventDate "2012.10.15"]
[EventType "swiss"]
[EventRounds "7"]
[EventCountry "GER"]
[SourceTitle "EXT 2022"]
[Source "ChessBase"]
[SourceDate "2021.10.06"]
[SourceVersion "1"]
[SourceVersionDate "2021.10.06"]
[SourceQuality "1"]

1. d4 Nf6 2. c4 g6 3. Nc3 Bg7 4. e4 d6 5. Nf3 0-0 6. Be2 e5 7. Be3 Nbd7 8. d5 Ng4 9. Bg5 f6 10. Bh4 Nh6 11. Nd2 g5 12. Bg3 f5 13. exf5 Nf6 14. Nde4 Nxe4 15. Nxe4 Bxf5 16. Bd3 g4 17. 0-0 Kh8 18. Qc2 Bg6 19. Qe2 Bf5 20. Rac1 b6 21. b4 a5 22. b5 Qe7 23. Rcd1 Rae8 24. Rfe1 Ng8 25. Qe3 Bh6 26. Qe2 Bg7 27. Qe3 1/2-1/2

[Event "Berlin Eckbauer op 15th"]
[Site "Berlin"]
[Date "2012.10.15"]
[Round "1.18"]
[White "Gnass, Erhard"]
[Black "Biebelmann, Gerd"]
[Result "0-1"]
[WhiteElo "1552"]
[BlackElo "1950"]
[PlyCount "66"]
[EventDate "2012.10.15"]
[EventType "swiss"]
[EventRounds "7"]
[EventCountry "GER"]
[SourceTitle "EXT 2022"]
[Source "ChessBase"]
[SourceDate "2021.10.06"]
[SourceVersion "1"]
[SourceVersionDate "2021.10.06"]
[SourceQuality "1"]

1. Nf3 d5 2. g3 Nf6 3. Bg2 g6 4. 0-0 Bg7 5. d3 0-0 6. Nbd2 c5 7. Re1 Nc6 8. e4 e6 9. e5 Nd7 10. c3 Ndxe5 11. Nxe5 Nxe5 12. Qc2 Bd7 13. Nf1 Bb5 14. Rd1 Rc8 15. Bf4 Qb6 16. a4 Bc6 17. Re1 Nd7 18. a5 Qa6 19. b3 e5 20. Bd2 f5 21. h3 e4 22. dxe4 fxe4 23. Nh2 Ne5 24. Bf1 Nd3 25. Bxd3 exd3 26. Qc1 Bd7 27. Kg2 Qf6 28. Ng4 Qf3+ 29. Kg1 Bxg4 30. hxg4 Qxf2+ 31. Kh1 Qxg3 32. Re3 Qh4+ 33. Kg2 Rf2+ 0-1

[Event "Berlin Eckbauer op 13th"]
[Site "Berlin"]
[Date "2010.11.01"]
[Round "7.4"]
[White "Viehweger, Martin"]
[Black "Biebelmann, Gerd"]
[Result "1-0"]
[WhiteElo "2042"]
[BlackElo "1927"]
[PlyCount "75"]
[EventDate "2010.09.13"]
[EventType "swiss"]
[EventRounds "7"]
[EventCountry "GER"]
[SourceTitle "EXT 2022"]
[Source "ChessBase"]
[SourceDate "2021.10.06"]
[SourceVersion "1"]
[SourceVersionDate "2021.10.06"]
[SourceQuality "1"]

1. d4 Nf6 2. c4 g6 3. Nc3 d5 4. cxd5 Nxd5 5. e4 Nxc3 6. bxc3 Bg7 7. Bc4 c5 8. Ne2 0-0 9. 0-0 Nc6 10. Bb2 a6 11. a4 Rb8 12. dxc5 Qa5 13. Rb1 Qxc5 14. Qd5 Qxd5 15. exd5 Ne5 16. Bb3 Bf5 17. Rbd1 b5 18. Ba3 Rfe8 19. Nd4 Bd7 20. axb5 axb5 21. h3 Bf6 22. Rfe1 Rbc8 23. Bb4 Nc4 24. Re2 Bxd4 25. Rxd4 e6 26. d6 Rc6 27. Ra2 e5 28. Rd5 Be6 29. Bxc4 Rxc4 30. Rxe5 Rd8 31. Ra7 Rc6 32. Rxb5 Kg7 33. Rbb7 Bd5 34. Rc7 Rxc7 35. Rxc7 Kf6 36. c4 Ba8 37. Re7 Rc8 38. Bc3+ 1-0

[Event "Berlin Eckbauer op 13th"]
[Site "Berlin"]
[Date "2010.10.11"]
[Round "5.3"]
[White "Kohler, Thomas"]
[Black "Biebelmann, Gerd"]
[Result "1/2-1/2"]
[WhiteElo "2246"]
[BlackElo "1927"]
[PlyCount "70"]
[EventDate "2010.09.13"]
[EventType "swiss"]
[EventRounds "7"]
[EventCountry "GER"]
[SourceTitle "EXT 2022"]
[Source "ChessBase"]
[SourceDate "2021.10.06"]
[SourceVersion "1"]
[SourceVersionDate "2021.10.06"]
[SourceQuality "1"]

1. c4 e5 2. g3 Nf6 3. Bg2 c6 4. d4 exd4 5. Qxd4 Na6 6. Nc3 Bc5 7. Qe5+ Qe7 8. Qxe7+ Bxe7 9. Nf3 d5 10. 0-0 dxc4 11. Ne5 0-0 12. Nxc4 Nc7 13. Rd1 Bb4 14. Bf4 Bxc3 15. bxc3 Ncd5 16. Be5 Re8 17. Bxf6 Nxf6 18. e4 Be6 19. Nd6 Re7 20. c4 Rb8 21. f4 g6 22. Rab1 Rc7 23. f5 Bd7 24. Bf3 gxf5 25. exf5 c5 26. Rxb7 Rbxb7 27. Bxb7 Kg7 28. Bf3 Bc6 29. Kf2 Bxf3 30. Kxf3 Rc6 31. g4 h6 32. h4 Ra6 33. g5 hxg5 34. hxg5 Nh7 35. Kf4 Rxa2 1/2-1/2

[Event "Berlin Eckbauer op 13th"]
[Site "Berlin"]
[Date "2010.09.27"]
[Round "3.1"]
[White "Von Herman, Ulf"]
[Black "Biebelmann, Gerd"]
[Result "1-0"]
[WhiteElo "2400"]
[BlackElo "1927"]
[PlyCount "109"]
[EventDate "2010.09.13"]
[EventType "swiss"]
[EventRounds "7"]
[EventCountry "GER"]
[SourceTitle "EXT 2022"]
[Source "ChessBase"]
[SourceDate "2021.10.06"]
[SourceVersion "1"]
[SourceVersionDate "2021.10.06"]
[SourceQuality "1"]

1. d4 d5 2. c4 e6 3. Nf3 c6 4. Qc2 Nf6 5. Nbd2 Bd6 6. g3 Nbd7 7. Bg2 0-0 8. 0-0 e5 9. cxd5 cxd5 10. dxe5 Nxe5 11. Nxe5 Bxe5 12. Nf3 Bd6 13. Be3 Be6 14. Nd4 Ng4 15. Bd2 b6 16. Nxe6 fxe6 17. Bh3 Rc8 18. Qd3 Rc4 19. b3 Re4 20. f3 Bc5+ 21. Kh1 Rd4 22. Qc2 Rxd2 23. Qxd2 Nf2+ 24. Kg2 Nxh3 25. Kxh3 a5 26. Rad1 Qf6 27. Kg2 d4 28. Qd3 e5 29. Qe4 g6 30. f4 Re8 31. fxe5 Qxe5 32. Qxe5 Rxe5 33. Rd2 Kg7 34. h3 h6 35. Rf3 g5 36. g4 Kg6 37. Kf1 h5 38. gxh5+ Kxh5 39. Rdd3 g4 40. Rg3 Re4 41. Rxg4 Rxg4 42. hxg4+ Kxg4 43. Rf3 Bd6 44. Rf6 Bc5 45. Ke1 Kg5 46. Rf3 Bd6 47. Kd2 Bb4+ 48. Kd3 Bc5 49. Kc4 Kg6 50. Kb5 Kg5 51. a3 Bxa3 52. Kxb6 Bb4 53. Kb5 Bc3 54. Kc4 Bb2 55. Rd3 1-0

[Event "Berlin Eckbauer op 12th"]
[Site "Berlin"]
[Date "2009.09.28"]
[Round "3.6"]
[White "Arnold, Rouven"]
[Black "Biebelmann, Gerd"]
[Result "0-1"]
[WhiteElo "1818"]
[BlackElo "1905"]
[PlyCount "44"]
[EventDate "2009.09.14"]
[EventType "swiss"]
[EventRounds "7"]
[EventCountry "GER"]
[SourceTitle "EXT 2022"]
[Source "ChessBase"]
[SourceDate "2021.10.06"]
[SourceVersion "1"]
[SourceVersionDate "2021.10.06"]
[SourceQuality "1"]

1. e4 e5 2. Nf3 Nc6 3. Bc4 Nf6 4. Ng5 d5 5. exd5 Na5 6. Bb5+ c6 7. dxc6 bxc6 8. Be2 h6 9. Nf3 e4 10. Ne5 Qd4 11. f4 Bd6 12. c3 Qd5 13. b4 g5 14. g3 gxf4 15. gxf4 Bxe5 16. fxe5 Qxe5 17. bxa5 Qf4 18. Qa4 Qh4+ 19. Kd1 Bd7 20. Qd4 c5 21. Qe5+ Kd8 22. Rf1 Ba4# 0-1

[Event "Berlin Eckbauer op 11th"]
[Site "Berlin"]
[Date "2008.10.13"]
[Round "6.12"]
[White "Schneider, Eckehard"]
[Black "Biebelmann, Gerd"]
[Result "1/2-1/2"]
[WhiteElo "1802"]
[BlackElo "1881"]
[PlyCount "112"]
[EventDate "2008.09.08"]
[EventType "swiss"]
[EventRounds "6"]
[EventCountry "GER"]
[SourceTitle "EXT 2022"]
[Source "ChessBase"]
[SourceDate "2021.10.06"]
[SourceVersion "1"]
[SourceVersionDate "2021.10.06"]
[SourceQuality "1"]

1. e4 Nf6 2. e5 Nd5 3. Bc4 Nb6 4. Bb3 c5 5. d3 Nc6 6. Nf3 g6 7. 0-0 Bg7 8. Re1 0-0 9. Nc3 d5 10. exd6 exd6 11. Bg5 Qc7 12. Qd2 Bg4 13. Nh4 Be5 14. h3 Be6 15. Bh6 Rfe8 16. Nf3 Bxb3 17. Nxe5 dxe5 18. axb3 Re6 19. Ne4 Nd4 20. Ng5 Re7 21. Re4 f5 22. Rh4 f4 23. Ne4 Nf5 24. Bg5 Nxh4 25. Bxh4 Rf7 26. Qc3 Nd7 27. b4 h6 28. f3 b6 29. bxc5 bxc5 30. Bf2 a5 31. b4 a4 32. bxc5 Qc6 33. Qc4 Kg7 34. Nd6 Re7 35. c3 Nb6 36. cxb6 Qxd6 37. Bc5 Qd7 38. Bxe7 Qxe7 39. Rxa4 Rxa4 40. Qxa4 Qc5+ 41. Kh2 Qxb6 42. d4 Kf6 43. dxe5+ Kxe5 44. Qe4+ Kf6 45. Qxf4+ Kg7 46. Qd4+ Qxd4 47. cxd4 Kf6 48. g4 Ke6 49. Kg3 Kd5 50. f4 Kxd4 51. h4 Ke4 52. h5 gxh5 53. gxh5 Kf5 54. Kf3 Kf6 55. Kg4 Ke6 56. f5+ Ke5 1/2-1/2

[Event "Berlin Eckbauer op 11th"]
[Site "Berlin"]
[Date "2008.09.29"]
[Round "4.4"]
[White "Biebelmann, Gerd"]
[Black "Zschaebitz, Klaus"]
[Result "1/2-1/2"]
[WhiteElo "1881"]
[BlackElo "2103"]
[PlyCount "84"]
[EventDate "2008.09.08"]
[EventType "swiss"]
[EventRounds "6"]
[EventCountry "GER"]
[SourceTitle "EXT 2022"]
[Source "ChessBase"]
[SourceDate "2021.10.06"]
[SourceVersion "1"]
[SourceVersionDate "2021.10.06"]
[SourceQuality "1"]

1. e4 e6 2. d4 d5 3. Nd2 a6 4. Ngf3 c5 5. exd5 exd5 6. Be2 Nc6 7. 0-0 Nf6 8. Re1 Be7 9. dxc5 0-0 10. Nb3 Ne4 11. Be3 f5 12. c4 dxc4 13. Bxc4+ Kh8 14. Qxd8 Nxd8 15. Nfd2 Nxd2 16. Bxd2 Bf6 17. Rab1 Bd7 18. Na5 Bc6 19. Nxc6 Nxc6 20. Bf4 Rfe8 21. Rxe8+ Rxe8 22. Bd6 g5 23. h3 f4 24. a3 Re4 25. b3 Rd4 26. Re1 Kg7 27. Re8 Rd1+ 28. Kh2 Kg6 29. Rg8+ Kf5 30. Be2 Rd2 31. Bg4+ Ke4 32. Bf3+ Kd3 33. h4 h6 34. hxg5 Bxg5 35. Rf8 Rxf2 36. Bxf4 Ra2 37. Bxg5 hxg5 38. Bxc6 bxc6 39. Rf6 Rxa3 40. Rxc6 Rxb3 41. Rxa6 Rc3 42. c6 Ke4 1/2-1/2

[Event "Berlin Eckbauer op 10th"]
[Site "Berlin"]
[Date "2007.10.23"]
[Round "5"]
[White "Albrecht, Rainer"]
[Black "Biebelmann, Gerd"]
[Result "1/2-1/2"]
[WhiteElo "2189"]
[BlackElo "1873"]
[PlyCount "167"]
[EventDate "2007.08.18"]
[EventType "swiss"]
[EventRounds "7"]
[EventCountry "GER"]
[SourceTitle "EXT 2022"]
[Source "ChessBase"]
[SourceDate "2021.10.06"]
[SourceVersion "1"]
[SourceVersionDate "2021.10.06"]
[SourceQuality "1"]

1. d4 Nf6 2. c4 e5 3. dxe5 Ng4 4. e3 Nxe5 5. Nh3 Nbc6 6. Nf4 Be7 7. Be2 0-0 8. 0-0 d6 9. Nc3 Ng6 10. Nh5 Be6 11. b3 Bf6 12. Bb2 Bxc3 13. Bxc3 f6 14. f4 Bf7 15. Bf3 Qe7 16. Re1 Kh8 17. g3 Qd7 18. Qe2 Nge7 19. e4 Bxh5 20. Bxh5 Qe6 21. Bg4 Qf7 22. Qg2 Ng8 23. Re3 Nh6 24. Bf3 Qe7 25. Rae1 Nf7 26. h4 Qd7 27. g4 Rae8 28. Kh2 a5 29. g5 fxg5 30. hxg5 Kg8 31. Bg4 Qe7 32. Bf5 Nh8 33. Rh3 g6 34. Bxh8 Rxf5 35. Bf6 Rxf6 36. gxf6 Qxf6 37. Qd2 Rf8 38. Rf1 Kg7 39. Qc3 Qxc3 40. Rxc3 Re8 41. Re1 b6 42. Rd3 Kf6 43. Kg3 Re7 44. Kf3 Rg7 45. Rd2 g5 46. Rg1 h6 47. Rh2 Nd4+ 48. Kf2 gxf4 49. Rxh6+ Kf7 50. Rxg7+ Kxg7 51. Rh4 Ne6 52. Rh5 Kf6 53. Rf5+ Ke7 54. e5 dxe5 55. Rxe5 Kd6 56. Rd5+ Ke7 57. Kf3 c6 58. Rh5 Kd6 59. Ke4 Nc5+ 60. Kxf4 a4 61. Rh6+ Kc7 62. Rh3 axb3 63. axb3 b5 64. Ke5 Kb6 65. Kd4 Ne6+ 66. Kc3 bxc4 67. Kxc4 Nc7 68. Rh8 Na6 69. Rh6 Kb7 70. b4 Kc7 71. Kb3 Kb6 72. Rh7 Nc7 73. Kc4 Na6 74. Rg7 Nc7 75. Rg8 Na6 76. Rh8 Kb7 77. b5 cxb5+ 78. Kxb5 Nc7+ 79. Kc5 Na6+ 80. Kd6 Kb6 81. Rh1 Nb4 82. Rb1 Kb5 83. Rb2 Kc4 84. Rxb4+ 1/2-1/2